• 首页
  • 本馆介绍
  • 公告通知
  • 最新文献
  • 馆藏检索
  • 电子资源
  • 读者导购
  • 参考咨询
  • 我的图书馆
  • 登录
  • 详细信息显示
  • 放入我的书架
  • 预约/预借图书
  • 作者相关作品
  • 分类相关作品
  • 丛书相关作品
  • 出版社相关作品

书目信息

  • 表格格式
  • 工作单格式
  • 卡片格式
题名:
中国图书馆图书分类法期刊分类表
    
 
作者: ;中国图书馆图书分类法编委会 编
分册:  
出版信息: 北京   书目文献出版社  1987.2
页数: 78页
开本: 19cm
丛书名:
单 册:
中图分类: G254.12
科图分类:
主题词: 图书馆学 , 图书馆事业
电子资源:
ISBN:
000 00688nam0 2200205 45
001 0404251536
005 20060811094616.89
010    @dCNY0.60
091    @a7201.145
100    @a20040425d1987 km y0chiy0120 ea
101 0  @achi
200 1  @a中国图书馆图书分类法期刊分类表@AZhong Guo Tu Shu Guan Tu Shu Fen Lei Fa Qi Kan Fen Lei Biao@f中国图书馆图书分类法编委会编@FZhong Guo Tu Shu Guan Tu Shu Fen Lei Fa Bian Wei Hui Bian
210    @a北京@c书目文献出版社@d1987.2
215    @a78页@d19cm
606 0  @a图书馆学
606 0  @a图书馆事业
690    @aG254.12@v3
711 02 @a中国图书馆图书分类法编委会@4编
801    @aCN@bPftUser@c20060811
905    @f2@b170028-029@dG254.12@e28@b168532@f1
    
    中国图书馆图书分类法期刊分类表/中国图书馆图书分类法编委会编.-北京:书目文献出版社,1987.2
    78页;19cm
    
    
    ISBN :CNY0.60
    
●
相关链接 在E读中查询图书 在五车中查询图书 在当当中查询图书 在豆瓣中查询图书


正题名:中国图书馆图书分类法期刊分类表     索取号:G254.12/28         预约/预借

序号 登录号 条形码 馆藏地/架位号 状态 备注
1 0168532   000502771   密集书库/ [索取号:G254.12/28] 在馆    
2 0168534   000502780   第一样本阅览室/ [索取号:G254.12/28] 在馆    
3 0170028   000502806   密集书库/ [索取号:G254.12/28] 在馆    
4 0170029   000502799   密集书库/ [索取号:G254.12/28] 在馆    
5 0448657   204486573   密集书库/ [索取号:G254.12/28] 在馆    
唐山师范学院图书馆 欢迎您!
大连网信软件有限公司© 版权所有